000 00201 a2200097 4500
001 26070
100 _aHajek, V
245 _aManagement of Engineering
260 _a
_bHamlyn
_c
090 _c17632
_d17632
942 _aNUST-CAE
_cM
_c8483
999 _c261143
_d261143